| 000 | 01985nam a2200517 c 4500 | ||
|---|---|---|---|
| 001 | 53793 | ||
| 003 | ES-MaCES | ||
| 005 | 20251115040006.0 | ||
| 007 | cr ||||||||||| | ||
| 008 | 250716s2024 ssp | |||| 000 sspa | ||
| 017 |
_aC 1539-2024 _bDL |
||
| 020 | _a9788411946926 | ||
| 040 |
_aES-MaCES _bspa _cES-MaCES |
||
| 100 | 1 |
_920058 _aOrtega Giménez, Alfonso |
|
| 245 | 0 | 0 |
_aInteligencia artificial y formas de trabajo emergentes _cdirs., María Elisa Cuadros Garrido, Alejandra Selma Penalva |
| 260 |
_aA Coruña _bColex _c2024 |
||
| 300 |
_a317 p. _c24 cm |
||
| 490 | 1 |
_aCuestiones Actuales de Derecho del Trabajo y de la Seguridad Social _v5 |
|
| 500 | _aPublicación en formato DÚO (papel + libro electrónico). Disponible en formato electrónico en COLEX Online. CODIGO (valido 1 año desde su activación) | ||
| 504 | _aBibliografía | ||
| 541 | 0 | _cCompra | |
| 650 | 4 |
_ainteligencia artificial _930166 |
|
| 650 | 4 |
_acambio tecnológico _928236 |
|
| 650 | 4 |
_aeconomía colaborativa _937923 |
|
| 650 | 4 |
_acreación de empleos _929242 |
|
| 650 | 4 |
_aactividades generadoras de ingresos _929650 |
|
| 650 | 4 |
_arelaciones laborales _928369 |
|
| 650 | 4 |
_acondiciones de trabajo _928327 |
|
| 650 | 4 |
_acondiciones de empleo _930040 |
|
| 650 | 4 |
_aadministración de recursos humanos _930474 |
|
| 650 | 4 |
_adiscriminación _927180 |
|
| 650 | 4 |
_aderechos de los trabajadores _929924 |
|
| 650 | 4 |
_aprotección de los datos _929496 |
|
| 650 | 4 |
_aderecho del trabajo _927165 |
|
| 650 | 4 |
_aderecho comunitario _929866 |
|
| 650 | 4 |
_aUE _926752 |
|
| 650 | 4 |
_aEspaña _926964 |
|
| 650 | 4 |
_arégimen jurídico _929894 |
|
| 653 | _aRelaciones laborales-Empleo | ||
| 700 | 1 |
_939278 _aCuadros Garrido, María Elisa _edir. |
|
| 700 | 1 |
_923826 _aSelma Penalva, Alejandra _edir. |
|
| 830 | 0 |
_941416 _aCuestiones Actuales de Derecho del Trabajo y de la Seguridad Social _v5 |
|
| 856 | 4 |
_uhttps://www.colex.es _zCOLEX |
|
| 902 | _aLIB Libro | ||
| 942 |
_2CES _cBK _h2.0. |
||
| 999 |
_c53793 _d53793 |
||